E-shop od nápadu po úspech kompletný sprievodca pre návrh, vývoj, rozbeh, rast a export úspešného internetového obchodu

Gespeichert in:
Bibliographische Detailangaben
1. Verfasser: Krupa, Martin
Format: Buch
Sprache:Slowakisch
Veröffentlicht: Bratislava Wolters Kluwer 2018
Ausgabe:1. vydanie
Schlagworte:
Tags: Tag hinzufügen
Keine Tags, Fügen Sie das erste Tag hinzu!

MARC

LEADER 00000nam a2200000 4500
001 0249415
005 20240321131329.2
020 |a 978-80-8168-862-1 
041 0 |a slo 
044 |a SK 
245 1 0 |a E-shop od nápadu po úspech  |b kompletný sprievodca pre návrh, vývoj, rozbeh, rast a export úspešného internetového obchodu  |c Martin Krupa 
250 |a 1. vydanie 
264 1 |a Bratislava  |b Wolters Kluwer  |c 2018 
300 |a 301 s. 
610 2 0 |a internet 
610 2 0 |a obchod elektronický 
610 2 0 |a plánovanie 
610 2 0 |a prieskum dopytu 
610 2 0 |a konkurencia 
610 2 0 |a predajne 
610 2 0 |a manažéri 
610 2 0 |a architektúra 
610 2 0 |a katalógy 
610 2 0 |a produkty 
610 2 0 |a logistika 
610 2 0 |a platby bezhotovostné 
610 2 0 |a marketing elektronický 
610 2 0 |a technológie nové 
610 2 0 |a e-shop 
610 2 0 |a Slovensko 
100 1 |a Krupa, Martin